| 000 | 01331cas a2200289 a 4500 | ||
|---|---|---|---|
| 005 | 20250924111207.0 | ||
| 006 | s|||||o|||| 00| 0 | ||
| 008 | 991125c1995 ag tr ||o 000 0 spa d | ||
| 022 | _a2313-934X | ||
| 035 | _aUPN01000197744 | ||
| 040 |
_aMX-MxUPN _bspa _cMX-MxUPN _eaacr2 |
||
| 049 | _aREV-E | ||
| 245 | 0 | 0 |
_aPraxis educativa _h[recurso electrónico en línea] |
| 260 |
_aLa Pampa : _bUniversidad Nacional de La Pampa. Facultad de Ciencias Humanas. Instituto de Ciencias de la Educación para la Investigación Interdisciplinaria, _c1995 - |
||
| 310 | _aCuatrimestral | ||
| 506 | _aAcceso abierto. | ||
| 510 | 0 | _aSciELO. | |
| 510 | 0 | _aDOAJ. | |
| 510 | 0 | _aREDIB. | |
| 520 |
_a"Tiene por objetivos fundamentales difundir la tarea de investigación del ICEII, de la investigación regional, nacional e internacional en el ámbito educativo; alentar los trabajos de investigación con directa participación de especialistas, docentes y alumnos (Investigación Acción). Presenta artículos originales, reseñas y comentarios de libros, eventos científicos". _cPraxis educativa. |
||
| 650 | 4 |
_aEducación _9682 |
|
| 653 | 0 | _aInvestigación educativa | |
| 856 | 4 | _uhttps://cerac.unlpam.edu.ar/index.php/praxis | |
| 902 |
_aLeonor Sotres _bLeonor Sotres/250123/M |
||
| 905 | _aRevista | ||
| 942 |
_cREV-E _2lcc |
||
| 999 |
_c169845 _d169845 |
||